| Tag |
First Indicator |
Second Indicator |
Subfields |
| LEADER |
00000pam a22000004a 4500 |
| 001 |
in00001531007 |
| 005 |
20151022050911.0 |
| 008 |
000412s1999 nyua b 001 0 eng |
| 010 |
|
|
|a 99023420
|
| 015 |
|
|
|a GB99-69042
|
| 019 |
|
|
|a 42622722
|
| 020 |
|
|
|a 0471965391 (hbk. : alk. paper)
|
| 020 |
|
|
|a 0471965405 (pbk. : alk. paper)
|
| 035 |
|
|
|a (OCoLC)41238485
|
| 040 |
|
|
|a DLC
|c DLC
|d C#P
|d UKM
|d TXA
|d UtOrBLW
|
| 042 |
|
|
|a pcc
|
| 049 |
|
|
|a TXAM
|
| 050 |
0 |
0 |
|a QC611
|b .W39 1999
|
| 082 |
0 |
0 |
|a 537.6/22
|2 21
|
| 100 |
1 |
|
|a Wenckebach, W. Tom.
|
| 245 |
1 |
0 |
|a Essentials of semiconductor physics /
|c W. Tom Wenckebach.
|
| 264 |
|
1 |
|a New York :
|b J. Wiley,
|c 1999.
|
| 300 |
|
|
|a xii, 318 pages :
|b illustrations ;
|c 26 cm.
|
| 336 |
|
|
|a text
|b txt
|2 rdacontent
|
| 337 |
|
|
|a unmediated
|b n
|2 rdamedia
|
| 338 |
|
|
|a volume
|b nc
|2 rdacarrier
|
| 504 |
|
|
|a Includes bibliographical references (pages [312]-313) and index.
|
| 650 |
|
0 |
|a Semiconductors.
|
| 650 |
|
4 |
|a Semiconductors.
|
| 994 |
|
|
|a E0
|b TXA
|
| 948 |
|
|
|a cataloged
|b h
|c 2000/4/12
|d c
|e ceaton
|f 9:00:07 am
|
| 999 |
|
|
|a MARS
|
| 999 |
f |
f |
|s 3df1d552-5b2d-3818-b12b-9ca8f4d32fdf
|i c6b4c15d-fe68-333a-b0bc-4714b2b6772b
|t 0
|
| 952 |
f |
f |
|p normal
|a Texas A&M University
|b College Station
|c Sterling C. Evans Library
|d Evans: Library Stacks
|t 0
|e QC611 .W39 1999
|h Library of Congress classification
|i unmediated -- volume
|m A14825853467
|
| 998 |
f |
f |
|a QC611 .W39 1999
|t 0
|l Evans: Library Stacks
|